Квиз о Алжиру - Statistics

General Stats
  • This quiz has been taken 49 times
  • The average score is 15 of 21
Answer Stats
Опис Одговор % Correct
Државе са којима се граничи Мароко
98%
Главни и највећи град Алжир
95%
Државе са којима се граничи Тунис
95%
Државе са којима се граничи Либија
93%
Пустиња која прекрива највећи део државе Сахара
93%
Европска држава од које је Алжир добио независност 1962. Француска
90%
Државе са којима се граничи Нигер
88%
Званични језици Арапски
85%
Државе са којима се граничи Мауританија
83%
Државе са којима се граничи Мали
78%
Алжир је по површини највећа држава Африке, како се зове друга највећа? ДР Конго
78%
Државна валута Динар
75%
Најважнија извозна сировина Нафта
75%
Проценат муслиманског становништва у овој држави (заокружи на најближи цели број) 99%
70%
Назив за ратове између Картагине и Рима (део њих се одвијао на територији данашњег Алжира) Пунски ратови
68%
Планински ланац који се простире севером државе Атлас
65%
Регија северне Африке чији је Алжир део (почиње на М) Магреб
50%
Званични језици Берберски
45%
Други највећи град (има само 4 слова) Оран
40%
Древно берберско краљевство које је пало под власт Рима, познато по краљу Југурти Нумидија
8%
Међународна скраћеница од два слова која се користи за ову државу DZ
5%
No matching quizzes found
Score Distribution
Percent of People with Each Score
Percentile by Number Answered
Your Score History
You have not taken this quiz